000
00275nam a2200121Ia 4500
008
190216s9999||||xx |||||||||||||| ||und||
100
_a
Gupta K R
245
0
_a
Economics Of Development
260
_b
Atmaram &sons
_c
1967
300
_a
368p
650
_a
Economics
942
_c
BK
999
_c
9430
_d
9430